Les Kiribati pour les touristes... - Statistiques

Statistiques générales
  • Ce quiz a été pris 16 fois
  • Le résultat moyen est 8 sur 20
Statistiques - réponses
Question Indice Réponses % Correct
Le suffixe internet est ki
100%
Quelles sont les langues officielles ? Anglais
89%
La conduite se fait à droite ou à gauche ? Gauche
78%
Dans la capitale y-a-t-il un décalage horaire avec Paris ? (oui/non) Oui
78%
Avez-vous besoin d'un visa ? (oui/non) Non
67%
La vitesse est limitée hors des villes à {60} km/h
56%
A quelle région appartient ce pays M Micronésie
56%
Combien d'heures (environ) mettrez-vous pour vous y rendre ? (en chiffres) 35
44%
Achats à faire 3/ Objets tissés en feuille de ... Palmier
44%
Quelles sont les principaux lieux touristiques ? T Ile de {Tarawa}
33%
Achats à faire 1/ Clichés Photos
33%
Le principal aéroport est T Tarawa
33%
La religion majoritaire est C Catholicisme
22%
Quelle est la monnaie ? Dollar australien
22%
Quelles sont les langues officielles ? Gilbertin
22%
Quelles sont les principaux lieux touristiques ? C Ile {Christmas}
22%
Achats à faire 2/ Objets fabriqués à partir de coquillages, en... Nacre
22%
Comment se nomme la principale compagnie aérienne locale AP Air Pacific
11%
Quelles sont les principaux lieux touristiques ? T Ile de {Tabiteuea}
0%
Quel est le climat local ? TM Tropical marin
0%
Aucun quiz correspondant
Distribution des résultats
% des personnes avec chaque résultat
Percentile par nombre de réponses
Votre historique - résultats
Vous n’avez pas pris ce quiz